Quizzes
Events
Quiz Creation
Community
Videos
Private Events
Remove Ads
Sign In
Join for FREE
Feedback
Dark Mode
Quiz Categories
Sports
Geography
Music
Movies
Television
Just For Fun
Miscellaneous
History
Literature
Language
Science
Gaming
Entertainment
Religion
Holiday
For Kids
Quiz Lab
Recent
Popular Today
Quiz Kudos Today
Editor Picks
Curator Picks
Quizzes by...
Day
Popularity
Type
Ratings
Length
Year
Community
Subscriptions
Recent Discussions
Orange Saloon
Badges
Playlists
Quests
Create
Leaderboards
Showdown
Live 5
Trivia Bingo
Activity
Puzzle Library
Sporcle Events
Private Events
Virtual Trivia
Globe League
Become a Host
Pub Owners
SporcleCon
Opinionation
Our Games
Videos
Blog
Mobile Apps
Partnerships
Remove Ads and Go Orange
Feedback
Science
Computer
Plants
Astronomy
Chemistry
Elements
Math
Animal
Physics
Anatomy
Biology
Geology
General Science
Science
Computer
Plants
Astronomy
Chemistry
Elements
Math
Animal
Physics
Anatomy
Biology
Geology
General Science
Random Quiz
Search Sporcle
×
Quiz Lab
Quiz Lab
Science
Nintendo
Type in answers that appear in a list
Type in answers that appear in a list
Classic
Best Score? Go Orange.
Oncogenes + tumor suppressor Stats
Can you name the Oncogenes + tumor suppressor?
By
klurban
7m
18 Questions
167 Plays
167 Plays
167 Plays
Comments
Comments
Give Quiz Kudos
Give Quiz Kudos
-
- Ratings
hide this ad
More Info
No Skip
Answers have to be entered in order without skipping
Answers have to be entered in order without skipping
Replay
Link that replays current quiz
Next Quiz
Link to next quiz in quiz playlist
You Got
0%
They Got
Avg Score
50%
Avg Friend Score
Upgrade to see
Score Distribution
Jump to the score distribution portion of the page
Score
0/18
Timer
07:00
0
Plays Today
Tumor
Gene
% Correct
?
???
98.2%
?
???
90.4%
?
???
82%
?
???
62.3%
?
???
57.5%
?
???
49.1%
?
???
46.7%
?
???
46.1%
?
???
44.3%
Tumor
Gene
% Correct
?
???
43.7%
?
???
43.1%
?
???
42.5%
?
???
37.1%
?
???
35.9%
?
???
35.3%
?
???
31.7%
?
???
28.1%
?
???
25.7%
Quiz Playlist
Details
Report
Send in Message
Add To Playlist
More Info:
From First Aid for the USMLE Step 1 2010 p.222-223
Classic:
Type in answers that appear in a list
No Skip:
Answers have to be entered in order without skipping
Last Updated: Feb 16, 2017
Quiz Scoreboard
CHALLENGE
Sign Up to Join the Scoreboard
Show All
Scores
Hide
Comments
May contain spoilers
Recently Published
Alphabetical 'K' Countries by Flag Minefield
by ylime102
Geography
3m
Pick 6: Fruits
by JohnFran
Miscellaneous
15s
Click the 1999 NBA Draft
by nibperrychub
Sports
2m
More to Explore
Quiz From the Vault
Featured Blog Post
15 Basketball Trivia Facts You Can Be March Mad About
hide this ad
You Might Also Like...
Tags
Nintendo Quiz
gene
Today's Top Quizzes in Science
Browse Science
hide this ad
Today's Top Quizzes in Nintendo
Browse Nintendo
Top Contributed Quizzes in Science
1
Pick 6: Animals
2
Square Numbers Scrambled (1-50)
3
Label the heart
4
Group Clicking: Animals II
5
Trigonometric Exact Values
6
Flowers by Accent Chairs
7
Identify the Leukocytes (White Blood Cells)
8
Find the Spring Animals
9
Needlepoint Flowers
10
Organic Chemistry Faculty Quiz
Explore More
Trending Topics
Anime
Harry Potter
Kpop
NBA
Disney
Crossword
Marvel
Puzzle
Song
The Office
Soccer
Pokémon
NFL
Country
WWE
hide this ad
More By:
klurban
Quiz
Plays
Rating
Category
Featured
Created
Cancer Naming
1,048
Science
Jan 15, 2010
Oncogenes + tumor suppressor
167
4.00
Science
Apr 18, 2011
lymph drainage + HLA
89
Science
May 17, 2011
Cytokines
70
Science
May 17, 2011
Drug Name endings
23
Science
Apr 19, 2011
Go to Creator's Profile
Score Distribution
Quiz Creator Spotlight
klurban
Follow
Send a Message
Quizzes Created
-
Created Quiz Play Count
-
More By This Creator
Popular Quizzes Today
1
Find the US States - No Outlines Minefield
2
Countries of Asia Without Outlines Minefield
3
Pick 6: Fruits
4
The Countries of the World
5
Alphabetical 'K' Countries by Flag Minefield
6
Click the 1999 NBA Draft
7
Find the US States
8
Match the Book to the Film X
More Science Quizzes
Fill It with a Planet
Editor's Pick
Trending Quizzes
Pick 6: Harry Potter
Pick 6: Mountains
Pick 6: NFL Teams
Pick 6: Movie Franchises
Pick 6: Golfers
Recently Updated
Women's Final Four Teams by Year
bhenderson79
Presidents Quartet II
eogle
Anything But Clue(do)
eogle
Anything But Oceanian Capitals
eogle
Anything But 7
eogle
Anything But Thing
eogle
Word Ladder: February 29
pecheneg
Song Title Questions
pecheneg
Women's NCAA Tournament #1 Seeds
pecheneg
Celebrity Mug Shots
pecheneg
Trending Topics
Crossword
Disney
Kpop
Marvel
NBA
Anime
Harry Potter
The Office
Soccer
Puzzle
Song
Pokémon
Country
NFL
WWE
Your Account Isn't Verified!
In order to create a playlist on Sporcle, you need to verify the email address you used during registration. Go to your
Sporcle Settings
to finish the process.
Report this User
Report this user for behavior that violates our
Community Guidelines
.
Details:
Send Report
Go to the Sporcle.com Mobile Site →
Comments